| 000 | 00389nam a2200145Ia 4500 | ||
|---|---|---|---|
| 005 | 20251222143145.0 | ||
| 008 | 251222s9999||||xx |||||||||||||| ||spa|| | ||
| 020 | _a84-89293-64-3 | ||
| 082 | _a658.404/K15/Ej.2 | ||
| 100 | _aKafka Kiener, Folke | ||
| 245 | 0 | _aEvaluación Estratégica de Proyectos de Inversión | |
| 250 | _a2a.ed. | ||
| 264 | _bUniversidad del Pacífico | ||
| 942 | _cLIB | ||
| 999 |
_c12450 _d12450 |
||